Lego Harry Potter: Years 1-4 (2010) Playable Characters - Statistics

General Stats
  • This quiz has been taken 988 times
  • The average score is 81 of 178
Answer Stats
Answer % Correct
Unlockable Harry Potter
100%
The Trio Harry Potter (Blue Shirt)
100%
The Trio Harry Potter (Dragon Task Uniform)
100%
The Trio Harry Potter (Girl Disguise)
100%
The Trio Harry Potter (Hogwarts Uniform)
100%
The Trio Harry Potter (Lake Task Uniform)
100%
The Trio Harry Potter (Maze Task Uniform)
100%
The Trio Harry Potter (Pajamas)
100%
The Trio Harry Potter (Quidditch Uniform)
100%
The Trio Harry Potter (Slytherin Disguise)
100%
The Trio Harry Potter (Sweater)
100%
The Trio Harry Potter (Tuxedo)
100%
Unlockable Ron Weasley
99%
The Trio Ron Weasley (Brown Jacket)
99%
The Trio Ron Weasley (Cardigan)
99%
The Trio Ron Weasley (Girl Disguise)
99%
The Trio Ron Weasley (Hogwarts Uniform)
99%
The Trio Ron Weasley (Pajamas)
99%
The Trio Ron Weasley (Slytherin Disguise)
99%
The Trio Ron Weasley (Sweater)
99%
The Trio Ron Weasley (Tuxedo)
99%
Unlockable Hermione Granger
96%
The Trio Hermione Granger (Ball Gown)
96%
The Trio Hermione Granger (Blue Top)
96%
The Trio Hermione Granger (Cat)
96%
The Trio Hermione Granger (Grey Hooded Top)
96%
The Trio Hermione Granger (Hogwarts Uniform)
96%
The Trio Hermione Granger (Red Hooded Top)
96%
Hogwarts Staff Professor Dumbledore
87%
Hogwarts Staff Professor Dumbledore (Grey Robes)
87%
Slytherin Draco Malfoy
85%
Slytherin Draco Malfoy (Quidditch Uniform)
85%
Slytherin Draco Malfoy (Sweater)
85%
Gryffindor George Weasley
78%
Gryffindor George Weasley (Quidditch Uniform)
78%
Death Eaters Lord Voldemort
78%
Slytherin Tom Riddle
78%
Gryffindor Fred Weasley
77%
Gryffindor Fred Weasley (Quidditch Uniform)
77%
Hogwarts Staff Professor Snape
75%
Death Eaters Lucius Malfoy
73%
Gryffindor Ginny Weasley
70%
Gryffindor Ginny Weasley (Cardigan)
70%
Gryffindor Ginny Weasley (Grey Hooded Top)
70%
Hogwarts Staff Rubeus Hagrid
70%
Hogwarts Staff Professor Lupin
68%
Hogwarts Staff Professor McGonagall
68%
Slytherin Vincent Crabbe
67%
Slytherin Vincent Crabbe (Sweater)
67%
Slytherin Gregory Goyle
66%
Slytherin Gregory Goyle (Sweater)
66%
Hogwarts Staff Professor Moody
66%
Hufflepuff Cedric Diggory
65%
Hufflepuff Cedric Diggory (Dragon Task Uniform)
65%
Hufflepuff Cedric Diggory (Lake Task Uniform)
65%
Hufflepuff Cedric Diggory (Maze Task Uniform)
65%
Hufflepuff Cedric Diggory (Sweater)
65%
Gryffindor Neville Longbottom
64%
Gryffindor Neville Longbottom (Pajamas)
64%
Order of the Phoenix Sirius Black
64%
Death Eaters Crabbe Sr.
62%
Death Eaters Goyle Sr.
60%
Order of the Phoenix Arthur Weasley
58%
Order of the Phoenix Molly Weasley
58%
Gryffindor Percy Weasley
58%
Gryffindor Percy Weasley (Sweater)
58%
Gryffindor Seamus Finnigan
51%
Triwizard Tournament Viktor Krum
51%
Triwizard Tournament Viktor Krum (Dragon Task Uniform)
51%
Triwizard Tournament Viktor Krum (Maze Task Uniform)
51%
Triwizard Tournament Viktor Krum (Shark)
51%
Triwizard Tournament Viktor Krum (Tuxedo)
51%
Gryffindor Dean Thomas
50%
Triwizard Tournament Fleur Delacour
50%
Triwizard Tournament Fleur Delacour (Dragon Task Uniform)
50%
Triwizard Tournament Fleur Delacour (Lake Task Uniform)
50%
Triwizard Tournament Fleur Delacour (Maze Task Uniform)
50%
Muggles Dudley Dursley
48%
Ghosts Nearly Headless Nick
47%
Death Eaters Peter Pettigrew
47%
Hogwarts Staff Professor Flitwick
47%
Muggles Vernon Dursley
47%
Hogwarts Staff Professor Quirrel
46%
Hogwarts Staff Professor Quirrel (Voldemort)
46%
Muggles Petunia Dursley
44%
Ministry of Magic Cornelius Fudge
43%
Hogwarts Staff Professor Lockhart
42%
Hogwarts Staff Professor Lockhart (Green Jacket)
42%
Ravenclaw Cho Chang
41%
Hogwarts Staff Professor Sprout
41%
Order of the Phoenix James Potter
39%
Death Eaters Barty Crouch Jr.
37%
Ministry of Magic Barty Crouch Sr.
37%
Order of the Phoenix Lily Potter
37%
Diagon Alley / Hogsmeade Tom the Innkeeper
37%
Gryffindor Oliver Wood
35%
Order of the Phoenix Dobby
33%
Gryffindor Katie Bell
33%
Gryffindor Parvati Patil
33%
Gryffindor Parvati Patil (Ball Gown)
33%
Gryffindor Angelina Johnson
31%
Ravenclaw Padma Patil
31%
Ravenclaw Padma Patil (Ball Gown)
31%
Ghosts Bloody Baron
29%
Hogwarts Staff Argus Filch
28%
Triwizard Tournament Professor Karkaroff
28%
Hufflepuff Justin Finch-Fletchley
26%
Ghosts Moaning Myrtle
26%
Ghosts Moaning Myrtle (Swimsuit)
26%
Hogwarts Staff Professor Trelawney
25%
Gryffindor Alicia Spinnet
23%
Hufflepuff Ernie MacMillan
23%
Transportation Ernie Prang
23%
Gryffindor Lee Jordan
23%
Ghosts The Grey Lady
23%
Gryffindor Colin Creevey
22%
Gryffindor Gryffindor Boy
22%
Ghosts Fat Friar
21%
Gryffindor Gryffindor Girl
21%
Hufflepuff Hannah Abbot
21%
Hufflepuff Hufflepuff Boy
21%
Hufflepuff Hufflepuff Girl
21%
Hogwarts Staff Madam Hooch
21%
Hogwarts Staff Madam Pomfrey
21%
Ghosts Peeves
21%
Slytherin Slytherin Boy
21%
Slytherin Slytherin Girl
21%
Hogwarts Staff Fang
19%
Diagon Alley / Hogsmeade Griphook
19%
Diagon Alley / Hogsmeade Ollivander
19%
Ravenclaw Ravenclaw Boy
19%
Ravenclaw Ravenclaw Girl
19%
Hufflepuff Susan Bones
19%
Muggles Aunt Marge
17%
Slytherin Marcus Flint
17%
Hogwarts Staff Professor Binns
17%
Triwizard Tournament Beauxbatons Student
16%
Diagon Alley / Hogsmeade Boy
16%
Death Eaters Death Eater
16%
Triwizard Tournament Durmstrang Student
16%
Diagon Alley / Hogsmeade Girl
16%
Transportation Stan Shunpike
16%
Diagon Alley / Hogsmeade Madam Rosmerta
12%
Slytherin Millicent Bulstrode
12%
Hogwarts Staff Professor Sinistra
12%
Diagon Alley / Hogsmeade Shifty Wizard
11%
Diagon Alley / Hogsmeade Madam Malkin
10%
Hogwarts Staff Professor Vector
10%
Hogwarts Staff Fat Lady
9%
Hogwarts Staff Madam Pince
9%
Death Eaters Walden Macnair
9%
Diagon Alley / Hogsmeade Wizard (Green)
9%
Diagon Alley / Hogsmeade Wizard (Red)
9%
Triwizard Tournament Gabrielle Delacour
8%
Hufflepuff Hufflepuff Prefect
8%
Ravenclaw Penelope Clearwater
8%
Slytherin Slytherin Prefect
8%
Transportation Trolley Witch
8%
Diagon Alley / Hogsmeade Witch (Grey)
8%
Diagon Alley / Hogsmeade Witch (White)
8%
Weird Sisters Guitarist
7%
Muggles Milkman
7%
Ravenclaw Ravenclaw Prefect
7%
Weird Sisters Bassist
6%
Weird Sisters Drummer
6%
Ravenclaw Michael Corner
6%
Muggles Mr. Mason
6%
Muggles Mrs. Mason
6%
Diagon Alley / Hogsmeade Rita Skeeter
6%
Diagon Alley / Hogsmeade Goblin
5%
Triwizard Tournament Madam Maxime
5%
Ravenclaw Anthony Goldstein
4%
Weird Sisters Vocalist
4%
Diagon Alley / Hogsmeade Doris Crockford
3%
Hogwarts Staff Sorting Hat
3%
Muggles Station Guard
3%
Triwizard Tournament Dragon Keeper
2%
Diagon Alley / Hogsmeade Eeylop
2%
No matching quizzes found
Score Distribution
Percent of People with Each Score
Percentile by Number Answered
Your Score History
You have not taken this quiz